| 000 | 00856cab a2200253 4500 | ||
|---|---|---|---|
| 001 | ABS48689 | ||
| 008 | 090401t1993 xxu||||| |||| 00| 0 eng d | ||
| 035 | _a(Sirsi) u68084 | ||
| 041 | _aeng | ||
| 245 | _aVOB part A - DIN 1960 - General provisions relating to the award of contracts for construction works | ||
| 260 | _c1993 | ||
| 350 | _a0 | ||
| 490 |
_aKonstrukt Germany _v2(1) 1st Quarter 1993, 10-22(13) |
||
| 520 | _aCovers paragraphs 19 to 32a and includes appendices and commentary on the legal aspects of VOB. (See also 47718 & 47892) | ||
| 650 | _aBUILT ENVIRONMENT-BUILDING CONTRACT FORMS | ||
| 650 | _aCONSTRUCTION PRODUCT DIRECTIVES | ||
| 650 | _aEC DIRECTIVES | ||
| 650 | _aGERMANY | ||
| 650 | _aVOB | ||
| 690 | _aBUILT ENVIRONMENT-BUILDING CONTRACT FORMS | ||
| 690 | _aOVERSEAS-EUROPE | ||
| 942 | _n0 | ||
| 948 | _c04/03/1997 | ||
| 999 |
_c42681 _d42681 |
||